Fast typing - "Chinatown Diptych" - Statistics

General Stats
  • This quiz has been taken 7 times
  • The average score is 11 of 22
Answer Stats
Hint Answer % Correct
Four noodle shops on East Broadway release their belches collectively. Four noodle shops on East Broadway release their belches collectively.
100%
Here, there's no logic to melons and spring onions exchanging hands. Here, there's no logic to melons and spring onions exchanging hands.
100%
Dry the cup! So we do. Dry the cup! So we do.
100%
No rhythm to men's briefs clothes-pinned to the fire escape. No rhythm to men's briefs clothes-pinned to the fire escape.
100%
Retirees beneath the Manhattan Bridge leak hearsay. Retirees beneath the Manhattan Bridge leak hearsay.
100%
The face of Chinatown returns its color, plucked from July's industrial steamer. The face of Chinatown returns its color, plucked from July's industrial steamer.
100%
They breed in me a hankering for family life. They breed in me a hankering for family life.
100%
But every handful of weeks she lapses. But every handful of weeks she lapses.
80%
I lean into the throat of summer. I lean into the throat of summer.
80%
The woman in Apartment #18 on Bayard washes her feet in pot of boiled water each evening before bedtime The woman in Apartment #18 on Bayard washes her feet in pot of boiled water each evening before bedtime
60%
How the heat is driven off course. How the heat is driven off course.
40%
Perched above these streets with whom I share verbs and adjectives. Perched above these streets with whom I share verbs and adjectives.
40%
Faces knotted, bangs softened with grease. Faces knotted, bangs softened with grease.
20%
The East River pulls along a thread of sun. The East River pulls along a thread of sun.
20%
While Sunday slides in. Again, in those plain trousers. While Sunday slides in. Again, in those plain trousers.
20%
And in each noodle shop, bowls dusted with salt. And in each noodle shop, bowls dusted with salt.
0%
How one can make out the clarified vowels of bridges. How one can make out the clarified vowels of bridges.
0%
Night shifts meet day shifts in passing. Night shifts meet day shifts in passing.
0%
Sweat seasons the body that labors. Sweat seasons the body that labors.
0%
There's nothing I can't trace back to my coarse immigrant blood. There's nothing I can't trace back to my coarse immigrant blood.
0%
Uncles tipple wine on the streets of Mott and Bayard. Uncles tipple wine on the streets of Mott and Bayard.
0%
Who’s keeping count of what’s given against what’s stolen? Who’s keeping count of what’s given against what’s stolen?
0%
No matching quizzes found
Score Distribution
Percent of People with Each Score
Percentile by Number Answered
Your Score History
You have not taken this quiz